000 00939nas a2200277 4500
001 BR7900049
003 BR-BrBNA
005 20231205083604.0
007 ta
008 230509b bl.|||p| |||| 00| 00por d
040 _aBR-BrBNA
_bpor
_cBiblioteca Nacional de Agricultura
041 _a(Pt)
072 _aE70
110 1 _aEmpresa de Pesquisa Agropecuaria de Minas Gerais, Belo Horizonte (Brasil)
245 1 _aConjuntura. Estatistica [comercializacao, mercado, abastecimento, Minas Gerais, Brasil]
650 _aABASTECIMENTO
650 _aMERCADO VAREJISTA
650 _aMERCADO ATACADISTA
650 _aPRECO MEDIO
650 _aPRECO PAGO
650 _aPRECO RECEBIDO
650 _aMINAS GERAIS
773 0 _tInforme Agropecuario - Empresa de Pesquisa Agropecuaria de Minas Gerais (Brazil)
_xISSN 0100-3364
_g(Mar 1978), v. 4(39) p. 83-100
_wBR7900049
909 _a202311
_bLúcia
_c55
_dLúcia Elande
942 _2AGRIS
_n0
_cANA
999 _c99882
_d99882